पांचवां चिराग़ : (Record no. 118098)
[ view plain ]
| 000 -LEADER | |
|---|---|
| fixed length control field | 01084nam a22002297a 4500 |
| 005 - DATE AND TIME OF LATEST TRANSACTION | |
| control field | 20170124103106.0 |
| 010 ## - LIBRARY OF CONGRESS CONTROL NUMBER | |
| LC control number | A-735576 |
| 020 ## - INTERNATIONAL STANDARD BOOK NUMBER | |
| Terms of availability | 00.00 |
| 035 ## - SYSTEM CONTROL NUMBER | |
| System control number | A-735576 |
| 037 ## - SOURCE OF ACQUISITION | |
| Source of stock number/acquisition | Cen Lib/Ret |
| 040 ## - CATALOGING SOURCE | |
| Original cataloging agency | DPL |
| Language of cataloging | HN |
| 082 ## - DEWEY DECIMAL CLASSIFICATION NUMBER | |
| Classification number | 921 |
| Item number | हाशमी |
| 100 ## - MAIN ENTRY--PERSONAL NAME | |
| Personal name | हाशमी, कमर आज़ाद |
| 9 (RLIN) | 8394 |
| 245 ## - TITLE STATEMENT | |
| Title | पांचवां चिराग़ : |
| Statement of responsibility, etc | कमर आज़ाद हाशमी |
| Remainder of title | चार चिराग़ तेरे बलन हमेशा पंजवा मैं बालन आईयां / |
| 246 ## - VARYING FORM OF TITLE | |
| Title proper/short title | Panchvan chirag : char chirag tere balan hamesha panjva main balan aaiyan / |
| Remainder of title | by Kamar Aazad Hashmi |
| 300 ## - PHYSICAL DESCRIPTION | |
| Extent | 288पृ. : |
| Dimensions | 21सेमी(सजिल्द) |
| Other physical details | सचित्र |
| 650 ## - SUBJECT ADDED ENTRY--TOPICAL TERM | |
| Topical term or geographic name as entry element | हिन्दी साहित्य |
| 9 (RLIN) | 78320 |
| 650 ## - SUBJECT ADDED ENTRY--TOPICAL TERM | |
| Topical term or geographic name as entry element | हिन्दी -- जीवनी - कमर आज़ाद हाशमी |
| 9 (RLIN) | 78321 |
| 650 ## - SUBJECT ADDED ENTRY--TOPICAL TERM | |
| Topical term or geographic name as entry element | Hindi literature |
| 9 (RLIN) | 78322 |
| 650 ## - SUBJECT ADDED ENTRY--TOPICAL TERM | |
| Topical term or geographic name as entry element | Hindi -- Biography - Kamar Azad Hashmi |
| 9 (RLIN) | 78323 |
| 942 ## - ADDED ENTRY ELEMENTS (KOHA) | |
| Source of classification or shelving scheme | Dewey Decimal Classification |
| Koha item type | Hindi Books |
| Classification part | 921 |
| Call number suffix | हाशमी |
| Withdrawn status | Lost status | Damaged status | Not for loan | Home library | Current library | Date acquired | Source of acquisition | Cost, normal purchase price | Total Checkouts | Full call number | Barcode | Date last seen | Date checked out | Copy number | Cost, replacement price | Price effective from | Koha item type |
|---|---|---|---|---|---|---|---|---|---|---|---|---|---|---|---|---|---|
| Central Library | Central Library | 10/09/2015 | Cen Lib/Ret | 0.00 | 5 | 921 हाशमी | A-735576 | 19/03/2019 | 11/03/2019 | 1 | 0.00 | 10/09/2015 | Hindi Books |
